Closest Genetic Populations to the Ashkenazi Jews - Statistics

General Stats
  • This quiz has been taken 73 times
  • The average score is 5 of 12
Answer Stats
Genetic Distance Ethnicity % Correct
1.954 Greek
76%
1.786 Italian
75%
6.481 Turkish
69%
6.123 Lebanese
54%
2.273 Sephardi
46%
6.466 Bulgarian
43%
6.722 Palestinian
42%
4.874 Albanian
34%
6.790 Jordanian
28%
1.607 Sicilian
24%
5.734 Druze
9%
5.691 Gagauz
4%
No matching quizzes found
Score Distribution
Percent of People with Each Score
Percentile by Number Answered
Your Score History
You have not taken this quiz